000
00275nam a22001337a 4500
008
170209b xxu||||| |||| 00| 0 eng d
020
_a
076714007994
041
_a
eng
080
_a
61
100
_a
4
101
_a
SHM
245
_a
MERCK MANUAL
_c
STARKE.D
942
_2
udc
_c
BK
999
_c
5045
_d
5045